00372nam a2200121Ia 4500008004100000041001200041082002500053100004200078245007200120260002700192300001400219500001700233231217s9999 xx 000 0 und d aEnglish a001.64404 LEO;1 `R' aLeon-Garcia, Alberto. Widjaja, Indra. 0aCommunication networks : fundamental concepts and key architectures c2000bNew Delhi : TMH, axxiii+867 a2012 Missing